2018 Coupe du Monde de la FIFA - 8 équipes finales - Statistiques

Statistiques générales
  • Ce quiz a été pris 299 fois
    291 depuis la dernière actualisation
  • Le résultat moyen est 7 sur 8
Statistiques - réponses
pays % Correct
France
100%
Croatie
98%
Belgique
96%
Angleterre
90%
Brésil
84%
Uruguay
80%
Russie
65%
Suède
49%
Aucun quiz correspondant
Distribution des résultats
% des personnes avec chaque résultat
Percentile par nombre de réponses
Votre historique - résultats
Vous n’avez pas pris ce quiz depuis la dernière actualisation